00888cam a22002411 4500001001300000003000400013005001700017008004100034010001700075035001900092040004400111042001200155050001500167100005500182245003200237260012600269300005100395410009400446500001700540504003000557650003100587650002800618gs 63000175 DLC20260227111412.0761217s1962 mouab b s000 0 eng c ags 63000175  a(OCoLC)2630291 aU.S. Geol. Survey Lib.cVtUdOCoLCdDLC apremarc00aQE741b.M41 aMehl, Maurice G.q(Maurice Goldsmith),d1887-1966.10aMissouri's ice age animals. aRola,bState of Missouri, Dept. of Business and Administration, Division of Geological Survey and Water Resources,c1962. axi, 104 p.billus., maps, diagrs.c23 x 31 cm.10aMissouri.bDivision of Geological Survey and Water Resources.tEducational series,vno. 1 aCover title. aBibliography: p. 103-104. 0aPaleontologyyPleistocene. 0aPaleontologyzMissouri.